000 00596nam a2200193Ii 4500
003 JO-AjNU
008 230605s9999||||xx |||||||||||||| ||und||
040 _aJO-AjNU
_bara
_erda
_cJO-AjNU
041 _aara
050 1 4 _aQE501 1985
100 3 _aشفير ، فارس,
_eauthor
_916213
245 0 0 _aالجيوفيزياء التطبيقية1
264 3 1 _aدمشق:مطبعة الداودي ، 1980
300 _a213ص
336 _atext
_btxt
_2rdacontent
337 _aunmediated
_bn
_2rdamedia
338 _avolume
_bnc
_2rdacarrier
650 4 _aالجيولوجيا الهندسية
_916214
999 _aA4755
_c8323
_d8323